000 00794nam a2200253 i 4500
001 14789
003 ES-MaACL
005 20230906150906.0
007 t|
008 990607s1967 fr ||||1| fre d
080 _a959.6/8(1946/1954"
080 _a959.7
100 1 _aGiap, Vo Nguyen.
_956622
245 1 0 _aGuerre du peuple, armée du peuple /
_cGénéral V. N. Giap.
260 _aParis :
_bFrançois Maspero,
_c1967.
300 _a190 p. ;
_c18 cm.
490 1 _aPetite collection Maspero ;
_v14
650 1 4 _aGuerra de Indochina-
_y1946-1954.
_913186
651 4 _aIndochina-
_xHistoria-
_y1945-
_9171742
830 1 _aPetite collection Maspero ;
_v14
_9179674
852 _aES-MaACL
_jL-21980
852 _aES-MaACL
_jAND-821
_z- Biblioteca Juan Andrade
999 _c14789
_d14789